000 00585nam a2200181Ia 4500
008 151018s9999 xx 000 0 und d
082 _bRBASDV44453
_a891.433
100 _aउषा यादव
245 _aफिर से हसो धरती मां
250 _b1
260 _bप्रकाशन विभाग
_c2006
300 _a57
600 _aउषा यादव
630 _aफिर से हसो धरती मां
700 _aउषा यादव
730 _aफिर से हसो धरती मां
942 _cBOOK
999 _c1043650
_d1043647